000 00390nam a2200169Ia 4500
008 221030s9999 xx 000 0 und d
020 _a0760011796
041 _aEnglish
082 _a105.23
_bSch
100 _aG. P. Schneider
245 0 _aElectronic Commerce
260 _bThomson Learning
_c2004
300 _a408
650 _aMBA Computers
700 _aJ. T. Perry
942 _cBK
999 _c2478
_d2478